The rise and decline of the state / (Record no. 53989)
[ view plain ]
| 000 -LEADER | |
|---|---|
| campo de control de longitud fija | 00623cam a2200229 4500 |
| 001 - NÚMERO DE CONTROL | |
| campo de control | 11123 |
| 005 - FECHA Y HORA DE LA ÚLTIMA TRANSACCIÓN | |
| campo de control | 20230410120909.0 |
| 008 - DATOS DE LONGITUD FIJA--INFORMACIÓN GENERAL | |
| campo de control de longitud fija | 060907s1999 nyu eng |
| 020 ## - NÚMERO INTERNACIONAL ESTÁNDAR DEL LIBRO | |
| Número Internacional Estándar del Libro | 052165629X (pbk.) |
| 035 ## - NÚMERO DE CONTROL DEL SISTEMA | |
| -- | funglode11209 |
| 041 ## - CÓDIGO DE IDIOMA | |
| Código de lengua del texto/banda sonora o título independiente | eng |
| 050 14 - SIGNATURA TOPOGRÁFICA DE LA BIBLIOTECA DEL CONGRESO | |
| Número de clasificación | JC 11 |
| Número de ítem | V223r 1999 |
| 082 00 - NÚMERO DE LA CLASIFICACIÓN DECIMAL DEWEY | |
| Número de clasificación | 320.1/09 |
| 100 1# - ENTRADA PRINCIPAL--NOMBRE DE PERSONA | |
| Nombre de persona | Van Creveld, Martin, |
| Fechas asociadas al nombre | 1946- |
| 245 14 - MENCIÓN DEL TÍTULO | |
| Título | The rise and decline of the state / |
| Mención de responsabilidad, etc. | Martin Van Creveld |
| 260 ## - PUBLICACIÓN, DISTRIBUCIÓN, ETC. | |
| Lugar de publicación, distribución, etc. | New York : |
| Nombre del editor, distribuidor, etc. | Cambridge University Press, |
| Fecha de publicación, distribución, etc. | 1999 |
| 300 ## - DESCRIPCIÓN FÍSICA | |
| Extensión | viii, 439 p. ; |
| Dimensiones | 24 cm. |
| 650 #0 - PUNTO DE ACCESO ADICIONAL DE MATERIA--TÉRMINO DE MATERIA | |
| Término de materia o nombre geográfico como elemento de entrada | State, The. |
| 650 #0 - PUNTO DE ACCESO ADICIONAL DE MATERIA--TÉRMINO DE MATERIA | |
| Término de materia o nombre geográfico como elemento de entrada | World politics. |
| 650 #4 - PUNTO DE ACCESO ADICIONAL DE MATERIA--TÉRMINO DE MATERIA | |
| Término de materia o nombre geográfico como elemento de entrada | Estado. |
| 942 ## - ELEMENTOS DE ENTRADA SECUNDARIOS (KOHA) | |
| Fuente del sistema de clasificación o colocación | Clasificación de Library of Congress |
| Tipo de ítem Koha | |
| Estatus retirado | Estado de pérdida | Fuente del sistema de clasificación o colocación | Estado de daño | No para préstamo | Colección | Biblioteca de origen | Biblioteca actual | Ubicación en estantería | Fecha de adquisición | Serial enumeration / chronology | Signatura topográfica completa | Código de barras | Visto por última vez | Copia número | Tipo de ítem Koha |
|---|---|---|---|---|---|---|---|---|---|---|---|---|---|---|---|
| Clasificación de Library of Congress | Ciencias Sociales | Biblioteca Juan Bosch | Biblioteca Juan Bosch | Ciencias Sociales (3er. Piso) | 24/10/2018 | 1 | JC 11 V223r 1999 | 00000009709 | 24/10/2018 | 1 |
